Geography Quiz

Random Geography or World Quiz

Random World Capitals Quiz Stats

 Plays Quiz Updated Jul 2, 2018

Challenge
Share
Tweet
Embed
Score 0/197 Timer 20:00
5 Plays Today
Country Capital % Correct
ItalyRome
84.2%
FranceParis
84.2%
United KingdomLondon
84.2%
United StatesWashington, D.C.
84.2%
GermanyBerlin
83.8%
SpainMadrid
83.8%
JapanTokyo
83.7%
RussiaMoscow
83.6%
MexicoMexico City
83.5%
GreeceAthens
83.5%
ChinaBeijing
83.3%
IrelandDublin
83.3%
EgyptCairo
83.2%
NorwayOslo
82.8%
NetherlandsAmsterdam
82.6%
PortugalLisbon
82.6%
PolandWarsaw
82.1%
CanadaOttawa
82%
Vatican CityVatican City
81.9%
BelgiumBrussels
81.9%
AustriaVienna
81.8%
South KoreaSeoul
81.8%
BrazilBrasília
81.8%
AustraliaCanberra
81.8%
DenmarkCopenhagen
81.4%
SwedenStockholm
81.3%
CubaHavana
81.2%
IndiaNew Delhi
81.2%
FinlandHelsinki
81.1%
IsraelJerusalem
80.9%
SwitzerlandBern
80.9%
HungaryBudapest
80.6%
TurkeyAnkara
80.6%
South AfricaPretoria
80.2%
UkraineKyiv
80.1%
PeruLima
80.1%
ArgentinaBuenos Aires
80%
MonacoMonaco
80%
ThailandBangkok
79.8%
LuxembourgLuxembourg
79.7%
SingaporeSingapore
79.6%
CzechiaPrague
79.5%
PanamaPanama City
79.4%
New ZealandWellington
79.4%
IraqBaghdad
78.9%
JamaicaKingston
78.8%
ChileSantiago
78.5%
San MarinoSan Marino
78.4%
TunisiaTunis
78.3%
PhilippinesManila
78%
IranTehran
77.5%
BulgariaSofia
77.4%
North KoreaPyongyang
77.2%
RomaniaBucharest
77.1%
AfghanistanKabul
77.1%
AlgeriaAlgiers
76.6%
IcelandReykjavik
76.6%
IndonesiaJakarta
76.4%
VietnamHanoi
76.3%
ColombiaBogotá
76.3%
PakistanIslamabad
76.3%
KenyaNairobi
76.2%
KuwaitKuwait City
76.1%
SyriaDamascus
76.1%
El SalvadorSan Salvador
75.9%
TaiwanTaipei
75.5%
Country Capital % Correct
CroatiaZagreb
75.2%
VenezuelaCaracas
75.1%
LatviaRiga
74.9%
BelarusMinsk
74.6%
Ecuador Quito
74.4%
UruguayMontevideo
74.3%
GuatemalaGuatemala City
74.3%
BoliviaSucre
73.9%
United Arab EmiratesAbu Dhabi
73.8%
LibyaTripoli
73.6%
DjiboutiDjibouti
73.6%
HaitiPort-au-Prince
73.6%
NepalKathmandu
73.4%
LebanonBeirut
73.2%
MalaysiaKuala Lumpur
73%
MoroccoRabat
72.9%
Bosnia and HerzegovinaSarajevo
72.7%
Saudi ArabiaRiyadh
72%
EstoniaTallinn
72%
AndorraAndorra la Vella
71.7%
SerbiaBelgrade
71.6%
EthiopiaAddis Ababa
71.6%
CyprusNicosia
71.4%
JordanAmman
70.6%
SlovakiaBratislava
70.1%
LiechtensteinVaduz
70.1%
Costa RicaSan Jose
70%
MongoliaUlaanbaatar
69.9%
LithuaniaVilnius
69.6%
AlbaniaTirana
69.4%
BahamasNassau
69%
QatarDoha
68.9%
BangladeshDhaka
68.5%
MaltaValletta
68.3%
ParaguayAsunción
67.9%
SomaliaMogadishu
67.9%
AzerbaijanBaku
67.7%
São Tomé and PríncipeSão Tomé
67.1%
CambodiaPhnom Penh
67%
Guinea-BissauBissau
66.8%
Dominican RepublicSanto Domingo
66.7%
GhanaAccra
66.2%
MacedoniaSkopje
66.2%
NicaraguaManagua
66.1%
OmanMuscat
66%
GeorgiaTbilisi
65.9%
Sierra LeoneFreetown
65.3%
YemenSana'a
65%
MaldivesMale
65%
ZimbabweHarare
65%
SenegalDakar
64.8%
SloveniaLjubljana
64.8%
SudanKhartoum
64.8%
KosovoPristina
64.6%
KazakhstanAstana
64.4%
GuyanaGeorgetown
64.2%
Sri LankaSri Jayawardenepura Kotte
64.2%
BelizeBelmopan
63.7%
MoldovaChisinau
63.5%
ArmeniaYerevan
63.5%
Dem. Rep. of CongoKinshasa
63.5%
NamibiaWindhoek
63.2%
NigeriaAbuja
63.1%
LiberiaMonrovia
62.8%
Papua New GuineaPort Moresby
61.8%
MadagascarAntananarivo
61.6%
Country Capital % Correct
HondurasTegucigalpa
61.5%
Trinidad and TobagoPort of Spain
61.5%
Rep. of CongoBrazzaville
61.4%
AngolaLuanda
61.3%
FijiSuva
61.2%
LaosVientiane
61.2%
UzbekistanTashkent
61.1%
KyrgyzstanBishkek
61%
South SudanJuba
61%
MontenegroPodgorica
60.8%
SeychellesVictoria
60.7%
UgandaKampala
60.6%
Timor-LesteDili
60.6%
BarbadosBridgetown
60.4%
PalestineRamallah
60.1%
TanzaniaDodoma
59.8%
SurinameParamaribo
59.4%
RwandaKigali
58.6%
BahrainManama
58.2%
Antigua and BarbudaSt. John's
57.9%
Burkina FasoOuagadougou
56.9%
MozambiqueMaputo
56.9%
BhutanThimphu
56.8%
TogoLomé
56.4%
SamoaApia
56.2%
CameroonYaounde
55.8%
EritreaAsmara
55.7%
NigerNiamey
55.6%
TurkmenistanAshgabat
55.6%
BotswanaGaborone
55.4%
ChadN'Djamena
55.4%
GrenadaSt. George's
55.2%
DominicaRoseau
55.1%
GuineaConakry
55.1%
ZambiaLusaka
55.1%
Cabo VerdePraia
54.5%
BeninPorto Novo
54.4%
TajikistanDushanbe
54.4%
MauritiusPort Louis
54.2%
Central African RepublicBangui
54.1%
BruneiBandar Seri Begawan
54%
MalawiLilongwe
53.8%
MaliBamako
53.7%
GabonLibreville
53.6%
St. LuciaCastries
53%
ComorosMoroni
52.9%
BurundiBujumbura
52.8%
St. Vincent-GrenadinesKingstown
52.6%
eSwatiniMbabane
52.3%
The GambiaBanjul
52.1%
LesothoMaseru
50.7%
MyanmarNaypyidaw
50.5%
St. Kitts and NevisBasseterre
50.4%
VanuatuPort Vila
50.2%
Cote d'IvoireYamoussoukro
50.2%
TuvaluFunafuti
50%
Equatorial GuineaMalabo
48.7%
MauritaniaNouakchott
48.5%
Solomon IslandsHoniara
47.8%
NauruYaren
47.7%
MicronesiaPalikir
47.2%
Marshall IslandsMajuro
46.8%
TongaNukuʻalofa
46.8%
KiribatiTarawa
46.3%
PalauNgerulmud
43.1%

You're not logged in!

Compare scores with friends on all Sporcle quizzes.
Join for Free
OR
Log In

You Might Also Like...

Show Comments

Extras

Top Quizzes Today


Score Distribution

Your Account Isn't Verified!

In order to create a playlist on Sporcle, you need to verify the email address you used during registration. Go to your Sporcle Settings to finish the process.

Report this User

Report this user for behavior that violates our Community Guidelines.

Details: